|
|
|
|
| LEADER |
01224nam a22002417a 4500 |
| 001 |
41799 |
| 003 |
BD-DhAAL |
| 005 |
20240812131025.0 |
| 008 |
231002b2002 ii ||||| b||| 00| 0 ben d |
| 020 |
|
|
|a 81-8064-008-6
|
| 040 |
|
|
|a BD-DhAAL
|d BD-DhAAL
|
| 041 |
|
|
|a ben
|
| 082 |
|
|
|a 491.44
|2 22
|
| 245 |
|
|
|a বাঙালির ভাষাচিন্তা :
|b একশো বছরের বাঙালির মননের সংকলন /
|c সম্পাদনা সন্দীপ বন্দ্যোপাধ্যায়.
|
| 260 |
|
|
|a কলকাতা :
|b প্রগ্রেসিভ পাবলিশারর্স,
|c ২০০২.
|
| 300 |
|
|
|a ২৫৩ পৃষ্ঠা :
|c ২২ সে.মি.
|
| 541 |
|
|
|a Complimentary copy from BIED
|e 41799
|
| 650 |
|
|
|a Bengali language.
|9 55643
|
| 700 |
|
|
|a বন্দ্যোপাধ্যায়, সন্দীপ.
|9 55642
|
| 852 |
|
|
|a Ayesha Abed Library
|c BIED Collection
|
| 942 |
|
|
|2 ddc
|c BK
|
| 999 |
|
|
|c 46198
|d 46198
|
| 952 |
|
|
|0 0
|1 0
|2 ddc
|4 0
|6 491_440000000000000_BAN
|7 0
|9 74505
|a BRACUL
|b BRACUL
|c GEN
|d 2023-10-02
|e Complimentary copy from BIED
|l 1
|o 491.44 BAN
|p 3010041799
|r 2025-10-07
|s 2025-09-17
|t 1
|w 2023-10-02
|y BK
|x Transferred from BIED to General Stacks
|